000 00645nam a2200205Ia 4500
003 IEPS
005 20250703135334.0
008 250223s9999||||xx |||||||||||||| ||und||
020 _a9789773507237
040 _CIEPS
041 _aara
082 _a617.1
100 _aالشطوري، أحمد عبد الرحمن
245 0 _aمدخل الإصابات الرياضية والإسعافات الأولية
260 _aالقاهرة
_bدار الكتاب الحديث
_c2023
300 _a174 ص.
_bصور
_c24 سم.
653 _aالإسعافات الأولية
653 _aالإصابات الرياضية
942 _cكتاب
999 _c14118
_d14118